| 000 | 00414nam a2200157 a 4500 | ||
|---|---|---|---|
| 001 | 2364 | ||
| 003 | CDMR | ||
| 005 | 20131002124834.0 | ||
| 008 | 130130s1962||||||||||||||||||||||||||||d | ||
| 040 |
_aCDMR _bcat _cCDMR |
||
| 100 | 1 |
_aBellotto, Adriano _91765 |
|
| 245 | 1 | 3 |
_aLa televisione inutile _cAdriano Bellotto |
| 260 |
_aMilano _c1962 _bEdizioni di comunità |
||
| 490 | 0 |
_aCultura e Realità _v39 |
|
| 942 |
_cMON _2udc |
||
| 999 |
_c2364 _d2364 |
||